Vol. 9, № 7; Industrial and Engineering Chemistry. Analytical edition

গ্রন্থ-পঞ্জীর বিবরন
Parent link:Industrial and Engineering Chemistry. Analytical edition/ American Chemical Society. Vol. 9, № 7.— , 1935-1943, 1946
ভাষা:ইংরেজি
প্রকাশিত: 1937
বিন্যাস: গ্রন্থ
KOHA link:https://koha.lib.tpu.ru/cgi-bin/koha/opac-detail.pl?biblionumber=559687

MARC

LEADER 00000nam2a2200000 4500
001 559687
005 20231101122628.0
035 |a (RuTPU)RU\TPU\prd\254578 
035 |a RU\TPU\prd\254577 
090 |a 559687 
100 |a 20160328a19371946k y0engy50 ba 
101 1 |a eng 
102 |a US 
200 0 |a Vol. 9, № 7 
210 |d 1937 
461 1 |0 (RuTPU)RU\TPU\prd\254437  |t Industrial and Engineering Chemistry. Analytical edition  |f American Chemical Society  |v Vol. 9, № 7  |d 1935-1943, 1946 
801 0 |a RU  |b 63413507  |c 20010227  |g PSBO 
801 1 |a RU  |b 63413507  |c 20020228  |g PSBO 
801 2 |a RU  |b 63413507  |c 20190425  |g PSBO 
942 |c BK 
999 |a НТБ_ТПУ  |b НФ  |e -19/20160111  |p П-517А  |u 0,00  |v 1